banner koha

Pyruvate kinase isoenzymes from submaxillary and sublingual salivary glands of rat (Rattus rattus norvaegicus, Berkenhout)- Purification and physicochemal properties (Registro n. 191938)

MARC details
000 -LÍDER
campo de controle de tamanho fixo 00919nas a2200289 4500
001 - NÚMERO DE CONTROLE
campo de controle BR0706838
003 - IDENTIFICADOR DO NÚMERO DE CONTROLE
campo de controle BR-BrBNA
005 - DATA E HORÁRIO DA ÚLTIMA TRANSAÇÃO
campo de controle 20231205111313.0
007 - CAMPO FIXO DE DESCRIÇÃO FÍSICA--INFORMAÇÃO GERAL
campo de controle de tamanho fixo ta
008 - CAMPO DE DADOS FIXOS--INFORMAÇÃO GERAL
campo de controle de tamanho fixo 230509b bl.|||p| |||| 00| 00por d
040 ## - FONTE DA CATALOGAÇÃO
Instituição da catalogação original BR-BrBNA
Idioma da catalogação por
Instituição que transcreveu o registro Biblioteca Nacional de Agricultura
041 ## - CÓDIGO DE IDIOMA
Código do idioma do texto/trilha sonora ou título diferente (En)
072 ## - CÓDIGO DE CATEGORIA DE ASSUNTO
Código de Categoria de Assunto L50; L70
100 1# - ENTRADA PRINCIPAL--NOME PESSOAL
Nome pessoal Rosa, C.D.
100 1# - ENTRADA PRINCIPAL--NOME PESSOAL
Nome pessoal Campos, D.O.
100 1# - ENTRADA PRINCIPAL--NOME PESSOAL
Nome pessoal Sassaki, K.T.
100 1# - ENTRADA PRINCIPAL--NOME PESSOAL
Nome pessoal Cerqueira, M.C.
100 1# - ENTRADA PRINCIPAL--NOME PESSOAL
Nome pessoal Rosa, R.
245 1# - TÍTULO
Título Pyruvate kinase isoenzymes from submaxillary and sublingual salivary glands of rat (Rattus rattus norvaegicus, Berkenhout)- Purification and physicochemal properties
650 ## - ASSUNTO--TERMO TÓPICO
Cabeçalho tópico ou nome geográfico RATO
650 ## - ASSUNTO--TERMO TÓPICO
Cabeçalho tópico ou nome geográfico GLÂNDULA
650 ## - ASSUNTO--TERMO TÓPICO
Cabeçalho tópico ou nome geográfico BOCA
650 ## - ASSUNTO--TERMO TÓPICO
Cabeçalho tópico ou nome geográfico DOENÇA ANIMAL
773 0# - ENTRADA ANALÍTICA
Título Archives of Veterinary Science (Brazil)
ISSN - International Standard Serial Number ISSN 1517-784X
Partes relacionadas (Oct 1998), v. 3(1) p. 57-64
Número de controle do registro BR0706838
909 ## -
-- 202311
-- Lúcia
-- 55
-- Lúcia Elande
942 ## - ELEMENTOS DE ENTRADA ADICIONADOS (KOHA)
Fonte da classificação ou esquema de arquivamento na estante Classificação AGRIS
Ocultar no OPAC Não
Tipo de material Koha Analítica
Exemplares
Situação do descarte Fonte da classificação ou esquema de arquivamento na estante Situação física Não pode ser emprestado Biblioteca de origem Biblioteca atual Localização na estante Enumeração do periódico / cronologia Total de empréstimos Data de último acesso Número do exemplar Tipo de material Koha Fonte de aquisição
  Classificação AGRIS   Consulta local Biblioteca Nacional de Agricultura - Binagri Biblioteca Nacional de Agricultura - Binagri   (Oct 1998), v. 3(1) p. 57-64   29/11/2023 01 Periódicos Portaria Interministerial nº 164/94

BINAGRI

Telefone: (61)3218-2567/2388/3357/2097 - binagri@agro.gov.br

Ministério da Agricultura e Pecuária , Esplanada dos Ministérios, Bloco D, Anexo B, Brasília/DF, CEP: 70.043-900